Para comprendera a Bourdieu. Sobre su teoría y práctica de la entrevista /

Պահպանված է:
Մատենագիտական մանրամասներ
Հիմնական հեղինակ: Giglia, Angela
Ձևաչափ: Տեքստ
Խորագրեր:
Ցուցիչներ: Ավելացրեք ցուցիչ
Չկան պիտակներ, Եղեք առաջինը, ով նշում է այս գրառումը!

MARC

LEADER 00000 a a2200000 04500
001 18784
003
040
100 |a Giglia, Angela  
245 |a Para comprendera a Bourdieu. Sobre su teoría y práctica de la entrevista /  |c Angela Giglia 
650 |a TEORIA SOCIAL  
650 |a ENTREVISTAS  
650 |a METODOLOGIA  
773 |g volumen 4, número 10; páginas 27-40  
999 |c 39588  |d 39588